| 000 | 00686nam a2200205Ia 4500 | ||
|---|---|---|---|
| 999 |
_c5504 _d5504 |
||
| 020 | _a865a | ||
| 082 | _aRR 330.06054 IND-I | ||
| 245 | 0 | _aIndian Economic Association 87th conference volume | |
| 260 |
_aPatna _bIndian Economic Association _c2004 |
||
| 300 | _axii, 970 | ||
| 650 |
_aIndia _vEconomic conditions |
||
| 650 |
_aIndia _vEconomic policy |
||
| 650 |
_aRivers _vEconomic conditions _zIndia |
||
| 650 |
_aEconomics _vEconomic conditions _zAfrica |
||
| 650 |
_aRobinson, Joan _vEconomic conditions |
||
| 650 |
_aHicks, J.R. _vEconomic conditions |
||
| 710 | _aBanaras Hindu University, Department of Economics, Varanasi | ||
| 710 | _aIndian Economic Association | ||
| 942 | _cBK | ||